• 首页
  • 本馆介绍
  • 公告通知
  • 最新文献
  • 馆藏检索
  • 电子资源
  • 读者导购
  • 参考咨询
  • 我的图书馆
  • 登录
  • 详细信息显示
  • 放入我的书架
  • 预约/预借图书
  • 作者相关作品
  • 分类相关作品
  • 丛书相关作品
  • 出版社相关作品

书目信息

  • 表格格式
  • 工作单格式
  • 卡片格式
题名:
麦考莱英国史
    
 
作者: 麦考莱 著 ;周旭 , 韩克秀 译
分册: Ⅴ  
出版信息: 北京   北京时代华文书局  2016
页数: 507页
开本: 24cm
丛书名:
单 册:
中图分类: K561.0
科图分类:
主题词:
电子资源:
ISBN: 978-7-5699-1080-3
000 01035nam0 22002771 450
001 0115101258
005 20170417092712.92
010    @a978-7-5699-1080-3@b精装@dCNY68.00
100    @a20161110d2016 em y0chiy50 ea
101 1  @achi@ceng
102    @aCN@b110000
105    @aa z 001yy
106    @ar
200 1  @a麦考莱英国史@Amai kao lai ying guo shi@hⅤ@dThe history of England@hⅤ@f(英)托马斯·麦考莱(Thomas Macaulay)著@g周旭,韩克秀译@zeng
210    @a北京@c北京时代华文书局@d2016
215    @a507页@c图@d24cm
300    @a时代史学经典
330    @a本书分为五章,内容涉及玛丽女王之死对欧陆的影响、卢森堡之死、金融危机、恢复通货的措施、常备军、关于常备军的争议、部长职位的变动、选举等。
510 1  @aHistory of England@hⅤ@zeng
607    @a英国@Aying guo@x历史
690    @aK561.0@v5
701  0 @c(英)@a麦考莱@Amai kao lai@c(Macaulay,Thomas Babington@f1800~1859)@4著
702  0 @a周旭@Azhou xu@4译
702  0 @a韩克秀@Ahan ke xiu@4译
801  0 @aCN@bTANGWEI@c20170308
905    @b0966024-6@dK561.0@e31:5@f3
    
    麦考莱英国史.Ⅴ=The history of England.Ⅴ/(英)托马斯·麦考莱(Thomas Macaulay)著/周旭,韩克秀译.-北京:北京时代华文书局,2016
    507页:图;24cm
    时代史学经典
    
    ISBN 978-7-5699-1080-3(精装):CNY68.00
    本书分为五章,内容涉及玛丽女王之死对欧陆的影响、卢森堡之死、金融危机、恢复通货的措施、常备军、关于常备军的争议、部长职位的变动、选举等。
●
相关链接 在E读中查询图书 在五车中查询图书 在当当中查询图书 在豆瓣中查询图书


正题名:麦考莱英国史     索取号:K561.0/31:5         预约/预借

序号 登录号 条形码 馆藏地/架位号 状态 备注
1 0966024   209660240   第二样本阅览室/ [索取号:K561.0/31:5] 在馆    
2 0966025   209660259   密集书库-史法系/ [索取号:K561.0/31:5] 在馆    
3 0966026   209660268   第二借阅区/ [索取号:K561.0/31:5] 在馆    
唐山师范学院图书馆 欢迎您!
大连网信软件有限公司© 版权所有